00354nam a2200133Ia 4500008004100000041000800041082001400049100002000063245004500083250001400128260003900142300003200181365000700213240624s9999 xx 000 0 und d aeng a658.7 BAL aBALLOU RONALD H aBUSINESS LOGISTICS SUPPLY CHAIN MANAGEME a(5th ed.) c2004aNew DelhibPearson Education axxii, : 789 : p. : cm. ; 24 cRS